Countries of North America Letter Jumble Quiz - Statistics

General Stats
  • This quiz has been taken 21 times
  • The average score is 21 of 23
Answer Stats
Hint Answer % Correct
Daacna Canada
100%
Bcau Cuba
100%
Le Dvsaaorl El Salvador
100%
Amtgualea Guatemala
100%
Tihai Haiti
100%
Caajima Jamaica
100%
Cmoeix Mexico
100%
Ndueit Tstaes fo Maicrea United States of America
100%
Lzebie Belize
95%
Tcsao Irac Costa Rica
95%
Npmaaa Panama
95%
Imdaoinc Dominica
90%
Ncmidioan Plecribu Dominican Republic
90%
Rancagiau Nicaragua
90%
Ts Claiu St Lucia
90%
Ts Cnivten dna het Nsgeiraden St Vincent and the Grenadines
90%
Gaituan dan Dbbarua Antigua and Barbuda
85%
Hmsabaa Bahamas
85%
Sbabdrao Barbados
85%
Ts Tksit dna Vsnie St Kitts and Nevis
85%
Datiinrd dna Botaog Trinidad and Tobago
85%
Edagarn Grenada
80%
Dshunoar Honduras
80%
No matching quizzes found
Score Distribution
Percent of People with Each Score
Percentile by Number Answered
Your Score History
You have not taken this quiz